[Event "XVII MetLife Najdorf Open 2017"]
[Site "Warsaw"]
[Date "2017.07.15"]
[Round "7"]
[White "Jumabayev, Rinat"]
[Black "Sadzikowski, Daniel"]
[Result "0-1"]
[WhiteElo "2620"]
[BlackElo "2563"]
[Annotator "TA"]
[PlyCount "134"]
[EventDate "2017.??.??"]
[EventType "swiss"]
[EventCountry "POL"]
[SourceTitle "playchess.com"]
[Source "ChessBase"]
[SourceQuality "1"]

{[%evp 19,134,0,0,0,26,-29,-33,-15,-25,-28,-25,-41,-20,-20,-8,-34,12,0,16,4,14,12,8,4,0,-29,36,-11,-11,-15,-10,-12,0,0,0,0,0,-40,-39,-50,-52,-34,-54,-84,-93,-94,-85,-102,-100,-100,-85,-158,-100,-220,-220,-219,-230,-302,-226,-269,-176,-187,0,-269,-269,-269,-268,-268,-268,-268,-268,-324,-283,-335,-332,-332,-268,-306,-268,-529,-492,-1450,-1453,-1453,-1453,-1445,-1387,-1333,-1326,-1326,-1128,-599,-592,-5083,-5395,-5767,-5767,-5746,-5746,-5698,-5698,-5698,-5698,-5677,-4570,-5333,-4554,-5695,-5636,-5595,-5599,-5094,-5094,-5061,-4872,-2452,-1377]} 1. e4 c5 2. Nf3 d6 3. Bb5+ Nd7 4. O-O a6 5. Bd3 Ngf6 (5... b5 6. Re1 Bb7 7. a4 b4 8. Bc4 Ngf6 9. d3 e6 10. Nbd2 Be7 11. Nf1 O-O 12. Ng3 d5 {1-0 (50) Vachier Lagrave,M (2783)-Nepomniachtchi,I (2766) Leuven 2017}) 6. Re1 {B51: Sicilian: Moscow Variation (3 Bb5+) without 3...Bd7} e6 7. c3 b5 8. Bc2 c4 9. d4 cxd3 10. Qxd3 Bb7 {LiveBook: 7 Games} 11. Nd4 $146 ({Predecessor:} 11. a4 Nc5 12. Qe2 bxa4 {1-0 (65) Kovalev,V (2641)-Yilmaz,M (2630) Khanty-Mansiysk 2017}) 11... g6 12. Qh3 ({Better is} 12. a4) 12... Bg7 $11 13. Bh6 O-O 14. Nd2 e5 15. N4b3 Nh5 16. Bxg7 Kxg7 17. a4 d5 (17... Nf4 $5 {[%cal Rf4h3]} 18. Qf3 Qc7 $11) 18. Qe3 (18. Na5 $5) 18... Qc7 19. axb5 axb5 20. Bd3 b4 21. cxb4 d4 22. Qf3 Qd6 (22... Rxa1 $11 23. Rxa1 f5) 23. Bb5 Nhf6 24. Bxd7 Nxd7 25. b5 Qb4 26. Qd3 Rxa1 27. Rxa1 Rc8 28. h4 (28. f4 $5) 28... Nc5 29. Qg3 Nxb3 30. Nxb3 Re8 $36 {[%mdl 2048] Black has good play.} 31. h5 Bxe4 {White must now prevent ...Bc2.} 32. Qh4 {Threatens to win with h6+.} Qxb3 33. h6+ Kf8 34. Qxe4 Qxb5 $17 {[%mdl 4096] Endgame KQR-KQR} 35. Ra7 {[#]} ({White should play} 35. b4) 35... Qxb2 (35... Qc5 $142 $1 {[%cal Rc5a7]} 36. Ra1 Qb5) 36. Rc7 (36. g3 $17) 36... Qb6 $19 37. Rc6 Qd8 38. Qc2 Qd5 39. Rc5 Qd6 {aiming for ...d3.} 40. Rc6 Qd5 (40... Qb4 $142 41. Rc4 Qd6) 41. Rc5 d3 42. Rxd5 {Intending Qc5+ and mate.} dxc2 {KR-KR} 43. Rc5 Ke7 44. Rxc2 Kf6 45. Rc3 Re7 46. Rg3 g5 47. Ra3 Kg6 48. Ra6+ f6 49. g3 $2 (49. Kh2) 49... e4 {Black is clearly winning.} 50. Kf1 (50. Ra3 $142 Kxh6 51. Kg2) 50... e3 51. fxe3 Rxe3 52. Kf2 Rb3 53. Kg2 Rb2+ 54. Kf3 Rh2 55. Rb6 Rxh6 56. Kg2 {[#]} g4 $1 57. Rb8 Rh3 58. Rg8+ Kf5 59. Ra8 h5 60. Ra5+ Kg6 61. Ra8 f5 62. Rg8+ Kf7 63. Ra8 h4 64. gxh4 Rxh4 65. Ra6 Rh3 66. Kf2 Rf3+ 67. Ke2 Rf4 {Precision: White = 33%, Black = 73%.} 0-1

[Event "XVII MetLife Najdorf Open 2017"]
[Site "Warsaw"]
[Date "2017.07.15"]
[Round "7"]
[White "Tomczak, Jacek"]
[Black "Czarnota, Pawel"]
[Result "0-1"]
[WhiteElo "2596"]
[BlackElo "2557"]
[Annotator "TA"]
[PlyCount "108"]
[EventDate "2017.??.??"]
[EventType "swiss"]
[EventCountry "POL"]
[SourceTitle "playchess.com"]
[Source "ChessBase"]
[SourceQuality "1"]

{[%evp 19,108,17,33,36,33,35,54,27,22,21,39,22,42,42,30,30,36,35,26,36,77,64,53,57,113,43,31,27,38,32,28,18,16,15,27,20,28,21,25,0,7,0,0,0,0,0,99,89,222,225,243,258,308,297,272,-591,-585,-578,-562,-503,-554,-587,-501,-563,-467,-690,-686,-590,-595,-579,-493,-501,-497,-404,-493,-491,-489,-487,-465,-479,-459,-457,-455,-450,-390,-1090,-1008,-1100,-1166,-29996,-29997]} 1. e4 c5 2. Nf3 d6 3. d4 cxd4 4. Nxd4 Nf6 5. Nc3 Nc6 6. f3 e5 7. Nb3 Be7 8. Be3 O-O 9. Qd2 a5 10. Bb5 Na7 {LiveBook: 269 Games. B56: Classical Sicilian: Unusual Lines} (10... Be6 11. O-O Na7 12. Be2 Nc8 13. Bb5 Na7 14. Be2 Nc8 15. Bb5 {½-½ (15) Carlsen,M (2840)-Grischuk,A (2737) Doha 2016}) 11. Bxa7 Rxa7 12. O-O-O Qb6 {White is slightly better.} 13. a4 Be6 14. Kb1 Rd8 15. g4 {[%cal Bg2g4,Bg4g5][%mdl 32]} Raa8 16. g5 $146 ({Predecessor:} 16. Qe1 Ne8 17. Qe2 Nc7 18. Bc4 {0-1 (36) Suarez Gomez,J (2413)-Baryshpolets,A (2551) Benasque 2016}) 16... Nh5 17. h4 Nf4 18. Nd5 Nxd5 19. exd5 Bd7 20. Bxd7 Rxd7 21. Rhe1 Qa6 (21... Rc7 $14) 22. Re4 ({White should try} 22. f4 $16) 22... f5 $14 23. gxf6 $1 Bxf6 24. c4 (24. f4 $5 {[%cal Rf4e5]}) 24... b6 25. Qe3 Rf8 26. Nd2 Rdf7 27. Rg4 Kh8 28. Rdg1 Bd8 29. Ne4 (29. Qa3 $5 {[%cal Ra3d6]}) 29... Be7 $1 30. h5 Rxf3 31. Qe2 $1 $36 {[%mdl 2048] White is more active.} R3f7 32. Rg6 Qc8 ({But not} 32... hxg6 $2 33. hxg6 Kg8 34. Rh1 $18) (32... Rd8 $11) 33. Rxd6 $16 Qf5 (33... Rf2 $16 34. Nxf2 Bxd6) 34. Re6 $1 $18 Bc5 35. Rg5 Qh3 36. Nxc5 (36. Rgxe5 Bd4 $11) 36... bxc5 37. h6 $4 {[%mdl 8192] [#]} ({Not} 37. Rexe5 h6 $16) (37. Rgxe5 $18 {and life is good for White. Black must now prevent Ka2.} Kg8 38. Re8) 37... Rf1+ $1 $19 38. Ka2 Rb8 {[%csl Gb8][%cal Rh3b3]} 39. Re8+ Rxe8 40. Rxe5 {[#]} Ref8 $1 41. hxg7+ Kxg7 42. Re7+ (42. Rg5+ $142 Kh8 43. Qe5+ R1f6 44. Qe7) 42... Kg8 43. d6 {intending d7.} Qf5 44. Qg2+ Qg6 45. Qd5+ Kh8 46. Qe5+ R8f6 47. Re8+ Kg7 48. Qe7+ Rf7 {( -> ...Qb1+)} 49. Qe5+ R1f6 50. Qxc5 Rxd6 51. Qxa5 Qf6 52. c5 $2 {[#]} (52. Qe1) 52... Rb7 $1 {[%csl Gb7][%cal Rf6b2][%mdl 512]} 53. Rg8+ Kh6 {[%csl Gb7][%cal Rf6b2]} 54. b3 Rd1 {Precision: White = 52%, Black = 66%.} 0-1

[Event "XVII MetLife Najdorf Open 2017"]
[Site "Warsaw"]
[Date "2017.07.15"]
[Round "7"]
[White "Aleksandrov, Aleksej"]
[Black "Dragun, Kamil"]
[Result "1/2-1/2"]
[WhiteElo "2581"]
[BlackElo "2621"]
[Annotator "TA"]
[PlyCount "110"]
[EventDate "2017.??.??"]
[EventType "swiss"]
[EventCountry "POL"]
[SourceTitle "playchess.com"]
[Source "ChessBase"]
[SourceQuality "1"]

{[%evp 17,110,19,25,46,29,27,51,20,46,38,25,35,42,37,40,28,35,22,36,26,33,0,0,0,45,16,62,55,72,67,161,160,164,99,118,116,111,102,112,22,120,118,186,72,84,-81,-81,-81,-66,-66,-66,-66,-66,-66,-66,-66,-79,-79,-79,-79,0,0,0,0,0,0,0,0,0,0,0,0,0,0,0,0,0,0,0,0,0,0,0,0,0,0,0,0,0,0,0,0,0,0,0]} 1. d4 Nf6 2. c4 e6 3. Nc3 Bb4 4. e3 O-O 5. Bd3 d5 6. Nf3 b6 7. a3 {E52: Nimzo-Indian: Rubinstein: 4...0-0 5 Nf3 d5 6 Bd3 b6} (7. O-O Bb7 8. cxd5 exd5 9. a3 Bd6 10. b4 a6 11. Ne5 Nc6 12. f4 Ne7 13. Qf3 c5 14. bxc5 bxc5 15. Rb1 Rb8 16. g4 cxd4 17. exd4 Ba8 18. g5 {½-½ (44) Navara,D (2739)-Neiksans,A (2599) Minsk 2017}) 7... Bd6 8. e4 dxe4 9. Nxe4 Nbd7 {LiveBook: 4 Games} 10. Nxd6 cxd6 11. O-O Re8 $146 ({Predecessor:} 11... Bb7 12. Re1 Re8 13. Bg5 Qc7 14. Rc1 {½-½ (49) Ushenina,A (2501)-Dzagnidze,N (2550) Khanty-Mansiysk 2014}) 12. Bf4 Nf8 13. h3 Bb7 14. Re1 Ng6 15. Bh2 Nh5 16. Rc1 Rc8 17. Rc3 Nhf4 18. Bf1 Qf6 19. b4 {[#]} (19. g3 $5 {[%cal Rg3f4]} Nh5 20. d5 $14) 19... b5 $1 {[%mdl 512]} 20. c5 (20. cxb5 Rxc3) 20... dxc5 21. bxc5 (21. Bxf4 $5 Nxf4 22. bxc5 $11) 21... Red8 22. Bxf4 $1 Nxf4 23. Ne5 $1 Ng6 (23... Bd5 $14) 24. c6 $1 $36 {[%mdl 2048] Black is under strong pressure.} Ba8 25. c7 (25. Rf3 $18 Qh4 26. Nxf7 Bxc6 27. Nxd8 Bxf3 28. Qxf3 Qxd8 29. Qb7 (29. Rxe6 Qxd4 30. Bxb5 Rf8 $16) (29. Bxb5 Qxd4 30. Rxe6 a5 $16)) 25... Rd6 26. Qb3 a6 27. a4 Rxd4 28. Nxg6 (28. axb5 $16 Nxe5 29. b6) 28... hxg6 (28... Bd5 $1 $11 {keeps the balance.} 29. Qc2 hxg6) 29. axb5 $16 {aiming for b6.} axb5 (29... Rd2 $16 30. Re2 Rxe2 31. Bxe2 Qe5) 30. Bxb5 ({Wrong is} 30. Qxb5 $2 Rd2 $19) (30. Rc2 $18 {has better winning chances.}) 30... Rd2 {[#]} 31. Re2 $2 (31. Rf1 $1 $16 {keeps the pressure on. Threatens to win with Ba6.} Bd5 32. Qb4) 31... Bd5 $17 32. Qb4 Rd4 33. Qb1 {Ba6 is the strong threat.} Rd1+ $1 34. Qxd1 Qxc3 35. Rc2 Qa5 36. Bc4 Rxc7 37. Ra2 Qc5 38. Bxd5 {[#] Strongly threatening Be4.} Qxd5 ({Reject} 38... exd5 39. Ra8+ Rc8 40. Rxc8+ Qxc8 41. Qxd5 $11) ({Black should try} 38... Rd7 $1 $17) 39. Qxd5 $11 {The position is equal.} exd5 $17 {[%mdl 4096] Endgame KR-KR} 40. Ra8+ Kh7 41. Rd8 Rc1+ 42. Kh2 Rd1 43. h4 Rd3 44. g3 f6 (44... g5 $5) 45. Kg2 g5 46. hxg5 fxg5 47. f3 Kg6 48. Kf2 {[#]} g4 $1 {[%mdl 512]} 49. fxg4 Kg5 50. Rd7 g6 51. Rd6 Rd4 52. Ke3 Re4+ 53. Kf3 Re5 54. Rd8 Kf6 55. Rd6+ Kg5 {Precision: White = 69%, Black = 52%.} 1/2-1/2

[Event "XVII MetLife Najdorf Open 2017"]
[Site "Warsaw"]
[Date "2017.07.15"]
[Round "7"]
[White "Jakubowski, Krzysztof"]
[Black "Nihal Sarin"]
[Result "1/2-1/2"]
[WhiteElo "2518"]
[BlackElo "2471"]
[Annotator "TA"]
[PlyCount "186"]
[EventDate "2017.??.??"]
[EventType "swiss"]
[EventCountry "POL"]
[SourceTitle "playchess.com"]
[Source "ChessBase"]
[SourceQuality "1"]

{[%evp 22,186,0,-27,-9,-15,38,26,32,13,18,12,27,19,94,57,47,64,36,20,29,16,25,5,11,5,10,4,14,0,0,0,0,0,0,0,0,0,0,0,0,-6,0,0,0,-20,8,0,9,-31,-34,-124,-132,-212,-206,-202,-138,-134,-122,-189,-127,-137,-124,-142,-54,-126,-89,-162,-152,-147,-130,-141,-120,-183,-179,-256,-277,-375,-376,-344,-368,-446,-453,-400,-344,-320,-299,-357,-354,-238,-172,-152,-210,-262,-333,-325,-329,-318,-312,-276,-293,-291,-301,-285,-277,-474,-527,-527,-527,-488,-471,-431,-264,-960,-818,-683,-176,-176,-168,-175,0,-89,0,-161,0,0,0,-176,-176,-183,-183,-183,-176,-176,-176,-176,-176,-176,-176,-176,-176,-176,-176,-1140,-175,-175,-175,-175,0,0,0,0,0,0,0,0,0,0,0,0,0,0,0,0,0,0,0]} 1. e4 c6 2. d4 d5 3. Nc3 dxe4 4. Nxe4 Bf5 5. Ng3 Bg6 6. h4 h6 7. Nf3 e6 8. h5 Bh7 9. Bd3 Bxd3 10. Qxd3 Nf6 11. Ne5 {B19: Classical Caro-Kann: 4...Bf5 main line} (11. Bd2 c5 12. Ne4 Nc6 13. Bc3 cxd4 14. Nxd4 Nb4 15. Nxf6+ gxf6 16. Bxb4 Bxb4+ 17. c3 Be7 18. O-O-O Qb6 19. Qb5+ Kf8 {1-0 (55) Wei,Y (2727)-Wang,H (2690) China 2017}) 11... Nbd7 12. f4 {LiveBook: 4 Games} c5 13. Bd2 cxd4 (13... Qc7 $11) 14. Ng6 $14 Rg8 ({Not} 14... fxg6 $2 15. Qxg6+ Ke7 16. Bb4+ Nc5 17. Bxc5+ Kd7 18. Bxd4 $18) 15. Nxf8 Nxf8 {[#]} 16. O-O-O $146 ({Predecessor:} 16. O-O Qd5 17. c4 dxc3 18. Qxc3 N8d7 19. Rac1 b6 {½-½ (38) Rausis,I (2501)-Velicka,P (2464) Decin 2009}) 16... Qd5 17. Qa3 $1 Qb5 (17... Qc4 $11 {keeps the balance.}) 18. Rhe1 N8d7 {[%cal Bf8d7,Bd7b8,Bb8c6,Bc6b4][%mdl 32]} 19. Bb4 Nb8 {White should prevent ...Nc6.} 20. Re5 Nd5 21. Rxd4 Nc6 22. Rdxd5 (22. Rexd5 $5 exd5 23. Qe3+ Kd7 24. a4 Qxa4 25. Rxd5+ Kc8 26. Bc3 $11) 22... Qxb4 23. Qxb4 Nxb4 24. Rd2 Nc6 25. Rb5 b6 26. c4 Ke7 27. c5 Rgc8 28. Kb1 Rab8 29. Ne4 bxc5 30. Rxc5 Nb4 31. Ra5 Rc7 32. a3 Nd5 33. g3 (33. f5 $5) 33... Rb3 34. Re2 Kf8 35. Ka2 Rd3 36. f5 (36. Re1 $15) 36... exf5 $17 37. Nc5 (37. Nd6 $17 Nc3+ 38. bxc3 Rxd6 39. Re3) 37... Rxg3 $19 38. Re5 Nb6 39. Rxf5 Kg8 40. Na6 (40. Ne4 $17 Rd3 41. Rac5) 40... Rb7 ({Black should try} 40... Rc2 $19 {...Nc4 is the strong threat.} 41. Rab5 Nc4) 41. Rab5 Re7 42. Nb4 Nc4 (42... Rg2 $17 43. Rf1 Nc4) 43. Rbc5 (43. Rfc5 $1 $15 Nd6 44. Rb8+ Re8 45. Rxe8+ Nxe8 46. Ra5) 43... Ne3 $17 44. Rf2 (44. Rfe5 $17 Rxe5 45. Rxe5) 44... Rg5 $19 45. Rc8+ Kh7 46. Nc6 Rd7 47. Re2 (47. Rf8 $17 {is a better defense.}) 47... Ng4 48. Ra8 (48. Nb8 {was necessary.} Rb7 49. Na6) 48... Rxh5 49. Rxa7 Rxa7 50. Nxa7 {[%mdl 4096] Endgame KRN-KRN} f5 51. Nc6 f4 52. Re4 Rf5 {Strongly threatening ...f3.} 53. Nd4 Rf6 54. b4 Nh2 55. b5 g5 {[%cal Bg7g5,Bg5g4][%mdl 32]} 56. a4 g4 $1 57. Re7+ Kg6 $1 58. Re6 Rxe6 59. Nxe6 {KN-KN} f3 $1 {[%cal Rf3f2]} 60. b6 f2 61. b7 f1=Q 62. b8=Q Qe2+ 63. Ka3 Qxe6 64. Qxh2 {KQ-KQ} Qe3+ 65. Kb4 g3 66. Qg2 Qf2 67. Qc6+ $2 (67. Qe4+ Kg5 68. Qe5+ Kg4 69. Qg7+ Kf3 70. Qf7+ Kg2 71. Qd5+ Qf3 72. Qd2+ Kf1 73. Qc1+ Kf2 74. Qd2+ Kf1 75. Qc1+ Kf2 76. Qd2+ Qe2 77. Qf4+ Kg2 78. Qxh6) 67... Kg5 68. Qd5+ Kg4 $2 (68... Qf5 69. Qg2 Qf2 70. Qd5+ Qf5) 69. Qg8+ Kh4 70. Qc4+ Kg5 $2 ({Better is} 70... Kh3 $1 $19 71. Qe6+ Kg2) 71. Qg8+ (71. Qd5+ $1 $11 {was the only way to keep the balance.} Qf5 72. Qg2) 71... Kh4 (71... Kf4 $17 {Threatens to win with ...Qd2+.} 72. Qf7+ Kg5 73. Qg8+ Kh4 74. Qc4+ Kg5 75. Qg8+) 72. Qc4+ Kh5 {And now ...Qd2+ would win.} 73. Qd5+ Kg4 74. Qg8+ $1 Kf3 75. Qd5+ Ke2 $1 {White must now prevent ...Qf4+.} 76. Qc4+ Kd2 77. Qc3+ Kd1 $1 78. Qb3+ Ke1 79. Qb1+ {[#]} Ke2 $1 {( -> ...Qb6+)} 80. Qc2+ {[#]} Kf1 $1 81. Qd3+ Kg1 82. a5 $2 (82. Qd1+ Kh2 83. Qh5+ Kg1 84. Qd1+ Kg2 85. Qd5+ Qf3 86. Qd2+ Kf1 87. Qc1+ Kf2 88. Qb2+ Qe2 89. Qf6+ Qf3 90. Qb2+ Qe2 91. Qf6+ Qf3 92. Qb2+) 82... Qe1+ $2 (82... g2 83. Qd1+ Kh2 84. Qd6+ Kh3 85. Qe6+ Kg3 86. Qg6+ Kf3 87. Qh5+ Ke3 88. Qc5+ Ke2 89. Qc2+ Kf1 90. Qc4+ Qe2 91. Qf4+ Qf2 92. Qc4+ Ke1 93. Qc1+ Ke2 94. Qc2+ Kf1 95. Qc4+) 83. Ka4 g2 84. a6 Kf2 $2 (84... Qe8+ $19 85. Ka5 Qe5+ 86. Qb5 Qa1+ 87. Kb6 Qf6+ 88. Kc7 Qg7+ 89. Kc8 Qc3+ 90. Kd7 Qg7+ 91. Kc8 Qc3+ 92. Kd7 Qg7+ 93. Kc6 Qc3+ 94. Kd7) 85. Qf5+ $11 {The position is equal.} Kg1 {Hoping for ...Qh4+.} 86. Qc5+ Kf1 (86... Qf2 $5 87. Qc1+ $8 Kh2 88. Qxh6+ Kg3 89. Qg6+ Kh3 90. Qe6+ Kg3 91. Qg6+ Kh3 92. Qe6+ Kg3 93. Qg6+ $11) 87. Qf5+ Qf2 88. Qb1+ $1 Ke2 89. Qc2+ Kf3 90. Qf5+ Ke3 91. Qc5+ Ke2 92. Qc2+ Kf1 (92... Kf3 $5 {[%cal Rf2c2]} 93. Qc6+ Kf4 94. Qxh6+ Ke5 95. Qg7+ Qf6 96. Qxg2 Qxa6+ 97. Kb4 Qb6+ 98. Kc3 Qc5+ 99. Kb3 Qb5+ 100. Kc3 Qc5+ 101. Kb3 Qb5+ 102. Kc3 Qc5+ $11) 93. Qc1+ Ke2 {Precision: White = 59%, Black = 60%.} 1/2-1/2

[Event "XVII MetLife Najdorf Open 2017"]
[Site "Warsaw"]
[Date "2017.07.15"]
[Round "7"]
[White "Golubov, Saveliy"]
[Black "Drozdowski, Kacper"]
[Result "1/2-1/2"]
[WhiteElo "2516"]
[BlackElo "2461"]
[Annotator "TA"]
[PlyCount "91"]
[EventDate "2017.??.??"]
[EventType "swiss"]
[EventCountry "POL"]
[SourceTitle "playchess.com"]
[Source "ChessBase"]
[SourceQuality "1"]

{[%evp 13,91,25,39,16,71,66,68,47,65,33,23,20,19,19,30,0,0,0,0,-7,0,-27,-22,-34,-26,-17,-25,-40,-26,-69,-77,-72,-70,-72,-31,-23,0,-48,-56,-66,-88,-88,-42,-60,-34,-11,0,0,0,0,0,0,10,-6,-6,-6,-7,-6,-6,-5,-5,-9,-6,-9,-4,-8,0,0,0,0,-3,-7,-7,-8,0,0,0,-10,0,0]} 1. e4 d6 2. c4 g6 3. Nc3 Bg7 4. d4 e5 5. d5 a5 6. Be3 Bh6 {A42: Modern Defence: Averbakh Variation} 7. Bxh6 Nxh6 {LiveBook: 3 Games} 8. h4 $146 {[%cal Bh2h4,Bh4h5][%mdl 32]} ({Predecessor:} 8. Qd2 Ng4 9. f3 Nf6 10. g4 h5 11. g5 Nfd7 12. h4 Nc5 13. Nh3 {0-1 (13) Sadykov,I (2231)-Zubarev,A (2546) Pavlodar 2013}) 8... O-O (8... f5 $11 {remains equal.}) 9. Qd2 $16 Kg7 10. h5 {[#] And now hxg6 would win.} g5 11. Bd3 Na6 12. Nge2 {[%cal Bg1e2,Be2g3,Bg3e4][%mdl 32]} Nc5 13. Bc2 f5 14. exf5 Bxf5 15. Ng3 Bxc2 16. Qxc2 Qf6 17. Nce4 Nxe4 18. Nxe4 Qf4 19. Qe2 Ng8 {[%cal Bh6g8,Bg8f6,Bf6g4][%mdl 32]} 20. g3 Qf5 21. h6+ Kh8 $1 22. Kf1 Nf6 23. Nc3 Ng4 {[%cal Rf5f2]} 24. Ne4 Nf6 25. Nc3 e4 26. Kg2 Rae8 $1 {[%cal Ba8e8,Be8e5,Be5h5][%mdl 32]} 27. Rae1 Re5 28. Rhf1 g4 29. Nb5 Qf3+ {The position is equal.} 30. Kg1 Rf7 31. Nd4 Qxe2 32. Rxe2 Rh5 33. b4 axb4 34. Rb1 Rxh6 35. Rxb4 b6 36. Ra4 Rg6 37. Ne6 Rg8 38. Ra7 Rc8 39. a4 Kg8 40. a5 bxa5 41. Rxa5 Re7 42. Ra7 Kf7 43. Rb2 Nd7 44. Re2 Nf6 45. Rb2 Nd7 46. Re2 {Precision: White = 61%, Black = 57%.} 1/2-1/2

[Event "XVII MetLife Najdorf Open 2017"]
[Site "Warsaw"]
[Date "2017.07.15"]
[Round "7"]
[White "Kanarek, Marcel"]
[Black "Shvayger, Yuliya"]
[Result "1/2-1/2"]
[WhiteElo "2509"]
[BlackElo "2434"]
[Annotator "TA"]
[PlyCount "77"]
[EventDate "2017.??.??"]
[EventType "swiss"]
[EventCountry "POL"]
[SourceTitle "playchess.com"]
[Source "ChessBase"]
[SourceQuality "1"]

{[%evp 22,77,4,0,0,0,19,0,0,0,10,-15,12,13,24,18,28,29,97,68,101,82,116,96,107,105,204,86,347,-8,-12,-56,455,0,0,-56,330,45,160,147,161,-35,-33,-35,-37,-41,0,0,0,0,0,0,0,0,0,0,0,0]} 1. e4 e6 2. d4 d5 3. Nd2 c5 4. exd5 Qxd5 5. Ngf3 cxd4 6. Bc4 Qd6 7. O-O Nf6 8. Nb3 Nc6 9. Nbxd4 Nxd4 10. Nxd4 Be7 11. b3 {C07: French Tarrasch: 3...c5, 4 Ngf3 and 4 exd5 Qxd5} (11. c3 Qc7 12. Bb3 O-O 13. Qf3 Bd7 14. Re1 Rfe8 15. h3 Rad8 16. Bf4 Qb6 17. Re2 Nd5 18. Bxd5 exd5 19. Rae1 Bc5 20. Rxe8+ Rxe8 21. Rxe8+ Bxe8 22. Qxd5 Bxd4 23. Qxd4 Qxd4 24. cxd4 {½-½ (30) Karjakin,S (2760)-Nakamura,H (2776) Zuerich 2015}) 11... O-O 12. Bb2 {LiveBook: 23 Games} Qc7 13. Qf3 Bd7 14. Rfe1 Bb4 $146 ({Predecessor:} 14... Rfe8 15. Nb5 Qb6 16. a4 a6 17. Nd4 Bc5 18. Qf4 e5 {½-½ (18) Pierrot,J (2444)-Mellano,S (2226) Mar del Plata 2012}) 15. Re2 a6 16. Bd3 Rac8 17. c4 Rfe8 18. Nc2 Be7 19. Be5 Qc6 (19... Bd6 $11 20. Bxf6 gxf6) 20. Qh3 {Strongly threatening Nd4.} h6 21. Re3 Kf8 22. Rae1 {Black must now prevent Rg3.} Red8 23. g4 $36 {[%mdl 2048] g5! is the strong threat. Black is under strong pressure.} Ne8 (23... Ng8 $16) 24. Rf3 (24. f4 $1 $18 {is more deadly.}) 24... Qb6 $2 {[%mdl 8192]} (24... Bg5 $16 {keeps fighting.}) 25. Nd4 $2 (25. Qh5 Nf6 $16) ({Only move:} 25. Bg6 $1 $18 Bf6 26. g5 $1 {[%mdl 512]} hxg5 27. Bd4 $1 {[%mdl 512]}) 25... Rc5 $11 26. Nc2 ({Don't blunder} 26. Qh5 $2 Nf6 $19) (26. Bf4 $5 {[%cal Rf4h6]} Bf6 27. Be3 $11) 26... Rcc8 $2 {[%mdl 8192]} (26... Bc6 $15 27. g5 Rxe5 28. Rxe5 Bxf3 29. gxh6 Bf6) 27. Nd4 $2 (27. Qh5 Nf6 $14) (27. Bg6 $18 Bf6 28. g5 $1 {[%mdl 512]} hxg5 29. Qh8+ Ke7 30. Bxf6+ gxf6 31. Qh7) 27... Rc5 $15 28. Nc2 ({Avoid the trap} 28. Qh5 $2 Nf6 $19) 28... Rcc8 $2 {[%mdl 8192]} (28... Bc6 $15 {stays ahead.} 29. g5 Rxe5 30. Rxe5 Bxf3 31. gxh6 Bf6) 29. Bd4 $2 ({Less strong is} 29. Qh5 Nf6 $14) (29. Bg6 $1 $18 Bf6 {[#]} 30. g5 $1 {[%mdl 512]} hxg5 31. Bd4 $1 {[%mdl 512]}) 29... Bc5 (29... Qa5 $14) 30. Qh5 $16 {[%csl Gf3][%cal Rh5f7]} f6 31. Bxc5+ $2 (31. Bb2 $18) 31... Rxc5 $15 32. Qh3 Rg5 33. Rg3 Qd6 34. Qf1 {The position is equal.} Bc6 35. Be4 Re5 36. Bxc6 Rxe1 37. Nxe1 Qxc6 38. Rd3 Rxd3 39. Qxd3 {Precision: White = 44%, Black = 38%.} 1/2-1/2